00398nam a2200169Ia 4500003000400000005001700004008004100021020001800062040000700080041000800087082001600095100003200111245001700143260004000160300001500200365001300215OSt20230401101737.0210423s2009 xx 000 0 und d a9788130908922 cAL aeng a302.23 LOWS aLOWE (Susan);PILE (Louise). aNegotiating. aNew DelhibViva Books Pvt Ltdc2009 aiii,64bPB b195cINR